|
|
|
|
| LEADER |
00000nam a2200000 a 4500 |
| 001 |
vtls001131017 |
| 003 |
SK-MaSNL |
| 005 |
20260301001852.0 |
| 008 |
131003s1991 CS 0 cze |
| 020 |
|
|
|a 8085494000
|
| 035 |
|
|
|a SNK000073867
|
| 040 |
|
|
|a SNK
|b slo
|c SNK
|e AACR2
|
| 041 |
0 |
|
|a cze
|
| 044 |
|
|
|a [CS]
|
| 080 |
|
|
|a 943.7"1968"
|2 1981
|
| 100 |
1 |
|
|a Markov, Georgi,
|d 1929-1978
|4 aut
|9 184464
|
| 245 |
1 |
0 |
|a Úvahy o československém jaru 1968
|c Georgi Markov ; přel. Vladimír Kříž
|
| 250 |
|
|
|a 1. vyd.
|
| 260 |
|
|
|a Praha
|b Euroslavica
|c 1991
|
| 300 |
|
|
|a 64, [2] s.
|c 21 cm
|
| 650 |
0 |
7 |
|a August (1968 : Československo)
|2 SNKPH
|9 68467
|
| 700 |
1 |
|
|a Kříž, Vladimír
|4 trl
|9 280740
|
| 919 |
|
|
|a 80-85494-00-0
|
| 968 |
|
|
|d Z bulh. orig.
|
| 999 |
|
|
|c 535948
|d 537878
|
| 952 |
|
|
|t P60, <03>, [BOOK], {603}
|a SNK
|b SNK
|y PREZ
|7 0
|p 17A0196653
|o snkSC 80527
|0 0
|1 0
|4 0
|d 1999-07-13
|l 0
|r 2025-08-12 00:00:00
|w 2026-02-23
|